| 000 | 00868na a2200277 4500 | ||
|---|---|---|---|
| 001 | 24015 | ||
| 003 | MIRAKIL | ||
| 005 | 20181213155326.0 | ||
| 008 | 180219b tu 000 0 | ||
| 020 | _a9786056361005 | ||
| 040 |
_aMilas _btur _cTR-AnCHP |
||
| 041 | _atur | ||
| 082 |
_a811.42 _bŞ33a 2013 |
||
| 090 | _a811.42 Ş33a 2013 | ||
| 100 | _aŞehsuvaroğlu, Lütfü | ||
| 245 |
_aAbdurrahim Karakoç _bŞairin haberci olarak portresi _cLütfü Şehsuvaroğlu |
||
| 246 | _aŞairin haberci olarak portresi | ||
| 260 |
_aAnkara _bHasret kitabevi _c2013 _fBerikan basım yayın |
||
| 300 |
_a527 s. _c21 sm. |
||
| 440 |
_aArkadaş çeşitlemeleri dizisi _v2 |
||
| 504 | _aKaynakça var. | ||
| 600 |
_aKarakoç, Abdurrahim _d1932-2012 _xTürk Şair |
||
| 650 |
_aTürk edebiyatı _xŞiir |
||
| 740 | _aŞairin haberci olarak portresi | ||
| 942 |
_2ddc _cBKS |
||
| 999 |
_c10581 _d10581 |
||